00886nam a2200217 u 450000100100000000500170001000800410002704000250006808200190009310000410011224500890015326000500024230000360029250000460032865000210037465000580039565000320045370000430048595201230052899900170065100002033420260210115647.0100813s1965 sp ac 000 0 spa d aDO-SdBNPbspacBNPHU a364.258bH498c1 aSchultze-Wilde, Harry,d1889-94298510aEl crimen politíco /cHarry Schultze-Wilde ; traducción de Ana Ma. de la Fuente. aBarcelona :bEditores Plaza & Janés,c1965. a468 p. :bil., retrs. ;c22 cm. aAl principiar el título : H. S. Hegner. 0aAsesinato942986 0aCorrupción políticazRepública Dominicana96079 0aHomicidio político93168612aFuente, Ana María de la,etr.910620 001052708MOaGRbGRcHDd2017-05-08iLF1l0o364.258 H498cp20334-10r2020-06-25w2020-06-25y2ZPréstamo interno c19838d19838